00323nam a22001217a 450000500170000002000230001703500230004003700130006310000200007624500430009626000400013930000220017920180801162454.0 a818883789Xc600.00 aB-219595, B-219594 aDPLbENG aSingh, Jitendra aMedia and society /cby Jitendra Singh aNe w DelhibSumit Enterprisesc2005 av, 290p.c20 cms.